00973cam a2200289 a 450000100100000000500170001000800410002702000150006803500190008304000300010208200250013210000410015724500450019825000150024326000340025830000210029249000290031350000510034265000260039365000410041983000360046091000280049691000070052404900090053195201280054099900150066800000942220200929161605.0910128s2000 mx 000 f spa d a9681904923 a(DLC) 91109827 aDO-SdBNPbspacTxUdBNPHU aU863.44bB462g, 20001 aBenedetti, Mario,d1920-2009.91195910aGracias por el fuego /cMario Benedetti. a2a reimpr. aMéxico :bAlfaguara,c2000. a292 p. ;c20 cm.1 aBiblioteca Mario Benetti aSegunda reimpresión de la edición del 1998 4aNovela uruguaya95679 4aLiteratura uruguayaySIGLO XX916336 0aBiblioteca Mario Benetti924216 aCatalogación derivada aWM aBNGR 001052708MOaGRbGRcHDd2009-09-29iLF1l0oU863.44 B462g, 2000p9422-10r2020-06-25w2020-06-25y2ZPréstamo interno c9182d9182